Statistics for World Capitals Closest to Beijing

Click here to take the quiz!

General Stats

  • This quiz has been taken 147 times
  • The average score is 13 of 20

Answer Stats

kmCapitalmiles% Correct
2094Tokyo1301
94%
953Seoul592
93%
810Pyongyang503
86%
2327Hanoi1446
79%
3296Bangkok2048
78%
1166Ulaanbaatar725
78%
3780New Delhi2349
76%
1722Taipei1070
73%
1289Manila1771
67%
3878Islamabad2410
61%
3154Kathmandu1960
61%
2775Vientiane1724
59%
3650Astana2268
56%
3019Dhaka1876
56%
3351Phnom Penh2082
54%
3470Bishkek2156
48%
2820Thimphu1752
48%
2961Naypyidaw1840
46%
3935Tashkent2445
44%
3895Bandar Seri Begawan2420
27%

Score Distribution

Percentile by Number Answered

Percent of People with Each Score

Your Score History

You have not taken this quiz